[Event "BLR-ch (Women)"]
[Site "Minsk"]
[Date "2005.03.21"]
[Round "11"]
[White "Kovalevskaya, Natalia"]
[Black "Martynuk, Tatiana"]
[Result "0-1"]
[WhiteElo "2035"]
[BlackElo "2187"]
[PlyCount "96"]
[EventDate "2005.03.11"]
[EventType "tourn"]
[EventRounds "11"]
[EventCountry "BLR"]
[SourceTitle "CBM 105 Extra"]
[Source "ChessBase"]
[SourceDate "2005.05.01"]
[SourceVersion "1"]
[SourceVersionDate "2005.05.01"]
[SourceQuality "1"]

1. e4 e5 2. Nf3 Nc6 3. Bb5 a6 4. Ba4 Nf6 5. 0-0 b5 6. Bb3 Bc5 7. Re1 Ng4 8. d4 exd4 9. Bxf7+ Kxf7 10. Ng5+ Kg8 11. Qxg4 Ne5 12. Qg3 Qe7 13. Nd2 d6 14. h3 h6 15. Ngf3 Kh7 16. c3 dxc3 17. bxc3 Rf8 18. Nd4 Bb6 19. f4 Ng6 20. N2f3 c5 21. Nf5 Qf6 22. N3h4 Nxh4 23. Nxh4 c4+ 24. Kh2 Bb7 25. e5 dxe5 26. fxe5 Qc6 27. Be3 Bc7 28. Rf1 Qe4 29. Bd4 Rae8 30. Rxf8 Rxf8 31. Re1 Qc2 32. Kh1 Qd3 33. Qg4 Bc8 34. Qe4+ Qxe4 35. Rxe4 Rf1+ 36. Kh2 Rc1 37. Rf4 Be6 38. Rf2 Ba5 39. Rf3 Rc2 40. a3 Bd5 41. Re3 Bd8 42. Nf3 Kg6 43. Bc5 Bg5 44. Nxg5 Rxg2+ 45. Kh1 Rxg5+ 46. Kh2 Rg2+ 47. Kh1 Kf5 48. Bd4 Kf4 0-1

[Event "BLR-ch (Women)"]
[Site "Minsk"]
[Date "2005.03.20"]
[Round "10"]
[White "Sharevich, Anna"]
[Black "Kovalevskaya, Natalia"]
[Result "1-0"]
[WhiteElo "2274"]
[BlackElo "2035"]
[PlyCount "55"]
[EventDate "2005.03.11"]
[EventType "tourn"]
[EventRounds "11"]
[EventCountry "BLR"]
[SourceTitle "CBM 105 Extra"]
[Source "ChessBase"]
[SourceDate "2005.05.01"]
[SourceVersion "1"]
[SourceVersionDate "2005.05.01"]
[SourceQuality "1"]

1. d4 Nf6 2. c4 g6 3. Nc3 Bg7 4. e4 d6 5. Nf3 0-0 6. Bg5 h6 7. Bh4 Na6 8. Be2 Qe8 9. 0-0 e5 10. d5 Nh5 11. Ne1 Nf4 12. Nd3 g5 13. Bg3 f5 14. Bxf4 exf4 15. Bh5 Qd8 16. Re1 fxe4 17. Nxe4 Bf5 18. h3 Qd7 19. Qf3 c5 20. dxc6 bxc6 21. Rad1 Rad8 22. b4 Nc7 23. Ndc5 Bxe4 24. Qxe4 Qc8 25. Bg4 Qa8 26. Nd7 d5 27. cxd5 cxd5 28. Qc2 1-0

[Event "BLR-ch (Women)"]
[Site "Minsk"]
[Date "2005.03.14"]
[Round "4"]
[White "Kovalevskaya, Natalia"]
[Black "Eidelson, Rakhil"]
[Result "0-1"]
[WhiteElo "2035"]
[BlackElo "2250"]
[PlyCount "92"]
[EventDate "2005.03.11"]
[EventType "tourn"]
[EventRounds "11"]
[EventCountry "BLR"]
[SourceTitle "CBM 105 Extra"]
[Source "ChessBase"]
[SourceDate "2005.05.01"]
[SourceVersion "1"]
[SourceVersionDate "2005.05.01"]
[SourceQuality "1"]

1. e4 c5 2. c3 e6 3. d4 d5 4. exd5 exd5 5. Nf3 Nf6 6. Bb5+ Bd7 7. Bxd7+ Nbxd7 8. 0-0 Be7 9. dxc5 Nxc5 10. Be3 0-0 11. Nbd2 Re8 12. Nb3 Nce4 13. Ng5 Bd6 14. Nd4 g6 15. h3 a6 16. Qf3 Qe7 17. g3 Nd7 18. h4 Ne5 19. Qg2 Nd3 20. Ne2 Nxg5 21. hxg5 Nxf2 22. Bxf2 Qxe2 23. Qxd5 Qe5 24. Rad1 Qxd5 25. Rxd5 Re6 26. Kg2 Be7 27. Bc5 Rc8 28. Bxe7 Rxe7 29. Rf6 Rc4 30. Kf3 Rce4 31. Rf4 Re2 32. Rb4 Kg7 33. Rdd4 R2e3+ 34. Kf4 Re2 35. Rb6 h6 36. gxh6+ Kxh6 37. Kf3 R2e5 38. Rh4+ Kg7 39. Rhb4 Re3+ 40. Kf4 a5 41. Rd4 Re1 42. Rb5 Rf1+ 43. Kg4 Kh6 44. Rxa5 Re2 45. Kh3 Rh1+ 46. Kg4 Rf2 0-1

[Event "BLR-ch (Women)"]
[Site "Minsk"]
[Date "2005.03.11"]
[Round "1"]
[White "Popova, Natalija"]
[Black "Kovalevskaya, Natalia"]
[Result "1-0"]
[WhiteElo "2227"]
[BlackElo "2035"]
[PlyCount "84"]
[EventDate "2005.03.11"]
[EventType "tourn"]
[EventRounds "11"]
[EventCountry "BLR"]
[SourceTitle "CBM 105 Extra"]
[Source "ChessBase"]
[SourceDate "2005.05.01"]
[SourceVersion "1"]
[SourceVersionDate "2005.05.01"]
[SourceQuality "1"]

1. e4 c5 2. Nf3 d6 3. d4 cxd4 4. Nxd4 Nf6 5. Nc3 a6 6. Be2 e5 7. Nb3 Be7 8. 0-0 0-0 9. Be3 Be6 10. Qd2 Nbd7 11. a4 Qc7 12. a5 Rac8 13. Rfc1 Bc4 14. Bxc4 Qxc4 15. Qe1 d5 16. Nd2 Qc6 17. Bg5 Rfe8 18. exd5 Nxd5 19. Nxd5 Qxd5 20. Bxe7 Rxe7 21. b3 Qc5 22. Ra4 Ree8 23. Nc4 Nf6 24. Ne3 Rcd8 25. Rd1 Rd4 26. Rc4 Qd6 27. c3 Rxd1 28. Qxd1 Qxd1+ 29. Nxd1 Rd8 30. Ne3 Kf8 31. Kf1 g6 32. Ke2 Ke7 33. f3 Rd7 34. b4 Ne8 35. Rc5 f6 36. c4 Nc7 37. g3 Ne6 38. Rc8 Nd4+ 39. Kf2 Kd6 40. Nd5 f5 41. Ke3 Nc6 42. Rf8 Rg7 1-0

[Event "Serpukhov-B (Women)"]
[Site "Serpukhov"]
[Date "2003.??.??"]
[Round "4"]
[White "Kovalevskaya, Natalia"]
[Black "Kharashkina, Bairta"]
[Result "0-1"]
[WhiteElo "2095"]
[BlackElo "2185"]
[PlyCount "67"]
[EventDate "2003.01.??"]
[EventType "tourn"]
[EventRounds "11"]
[EventCountry "RUS"]
[SourceTitle "EXT 2004"]
[Source "ChessBase"]
[SourceDate "2003.11.25"]
[SourceVersion "1"]
[SourceVersionDate "2003.11.25"]
[SourceQuality "1"]

1. e4 c5 2. Nf3 Nc6 3. Nc3 Nf6 4. e5 Ng4 5. Qe2 d6 6. exd6 Qxd6 7. d3 e6 8. g3 Be7 9. Bg2 0-0 10. 0-0 Nf6 11. Bf4 Qd8 12. Rad1 Qb6 13. b3 Rd8 14. Na4 Qa6 15. Be3 Nd4 16. Bxd4 cxd4 17. c4 dxc3 18. Nxc3 Bd7 19. Ne5 Rac8 20. Rc1 Be8 21. Rfd1 Bb4 22. Ne4 Nd5 23. Rf1 Be7 24. a4 f5 25. Nd2 Nc3 26. Qf3 Bg5 27. Ndc4 Bxc1 28. Rxc1 Nd5 29. Qe2 Rc7 30. f4 b5 31. axb5 Qxb5 32. Re1 Re7 33. Nf3 Bh5 34. Nce5 0-1

[Event "Serpukhov-C"]
[Site "Serpukhov"]
[Date "2002.??.??"]
[Round "8"]
[White "Kovalevskaya, Natalia"]
[Black "Perun, Sergey"]
[Result "1/2-1/2"]
[WhiteElo "2137"]
[BlackElo "2371"]
[PlyCount "46"]
[EventDate "2002.??.??"]
[EventType "tourn"]
[EventRounds "11"]
[EventCountry "RUS"]
[SourceTitle "EXT 2003"]
[Source "ChessBase"]
[SourceDate "2002.11.25"]
[SourceVersion "1"]
[SourceVersionDate "2002.11.25"]
[SourceQuality "1"]

1. e4 c5 2. c3 d5 3. exd5 Qxd5 4. d4 Nf6 5. Nf3 e6 6. Be3 Ng4 7. Bd3 cxd4 8. cxd4 Nxe3 9. fxe3 Be7 10. Nc3 Qh5 11. 0-0 0-0 12. Qe2 Nc6 13. a3 b6 14. Ne4 Bb7 15. Ng3 Qg4 16. Qf2 Bh4 17. Nxh4 Qxh4 18. Be4 Rac8 19. Rac1 Qe7 20. Nh5 Qg5 21. Nf4 e5 22. Nh3 Qe7 23. Qf3 Qf6 1/2-1/2

[Event "EU-ch U20 Girls"]
[Site "Patras"]
[Date "2001.07.26"]
[Round "10"]
[White "Yildiz Kadioglu, Betul Cemre"]
[Black "Kovalevskaya, Natalia"]
[Result "1/2-1/2"]
[WhiteElo "2061"]
[BlackElo "2152"]
[PlyCount "113"]
[EventDate "2001.07.16"]
[EventType "swiss"]
[EventRounds "11"]
[EventCountry "GRE"]
[SourceTitle "CBM 083 Extra"]
[Source "ChessBase"]
[SourceDate "2001.09.11"]
[SourceVersion "1"]
[SourceVersionDate "2001.09.11"]
[SourceQuality "1"]

1. d4 Nf6 2. Nf3 g6 3. Nbd2 d5 4. c3 Bg7 5. e3 0-0 6. Bd3 c5 7. 0-0 Nc6 8. Re1 Qc7 9. dxc5 Bg4 10. Qc2 e5 11. e4 dxe4 12. Bxe4 Nxe4 13. Qxe4 Be6 14. Qe2 f5 15. Nc4 e4 16. Ng5 Nd8 17. Be3 h6 18. Nxe6 Nxe6 19. Nd6 Kh7 20. Qc4 Qe7 21. Rad1 Rad8 22. Qd5 Nc7 23. Qb3 Be5 24. Bd4 Bxd6 25. cxd6 Rxd6 26. Qxb7 Rfd8 27. Qxa7 R8d7 28. Qc5 Ne6 29. Qe5 Qd8 30. h3 Nxd4 31. cxd4 Rd5 32. Qe6 Qa5 33. Rf1 Qb4 34. b3 Rxd4 35. Rxd4 Qxd4 36. Rc1 h5 37. Qc4 Qd2 38. Qc2 Qd4 39. Qe2 Qd5 40. Qb2 Qd3 41. Qc2 Qd4 42. Qe2 Qd5 43. Rc2 Qa5 44. Qe3 Rd1+ 45. Kh2 Qe5+ 46. g3 Rd3 47. Qc1 e3 48. Qe1 Qd5 49. Qh1 Qe5 50. Re2 Rd2 51. Qb7+ Kh6 52. Qf3 Rxe2 53. Qxe2 f4 54. h4 fxg3+ 55. fxg3 Qd4 56. Kg2 Qe4+ 57. Kh2 1/2-1/2

[Event "EU-ch U20 Girls"]
[Site "Patras"]
[Date "2001.07.25"]
[Round "9"]
[White "Kaps, Darja"]
[Black "Kovalevskaya, Natalia"]
[Result "1-0"]
[WhiteElo "2221"]
[BlackElo "2152"]
[PlyCount "63"]
[EventDate "2001.07.16"]
[EventType "swiss"]
[EventRounds "11"]
[EventCountry "GRE"]
[SourceTitle "CBM 083 Extra"]
[Source "ChessBase"]
[SourceDate "2001.09.11"]
[SourceVersion "1"]
[SourceVersionDate "2001.09.11"]
[SourceQuality "1"]

1. e4 c5 2. Nf3 d6 3. d4 cxd4 4. Nxd4 Nf6 5. Nc3 a6 6. Bc4 e6 7. Bb3 Be7 8. 0-0 0-0 9. f4 Nc6 10. Kh1 Qc7 11. f5 Nxd4 12. Qxd4 exf5 13. exf5 Qc5 14. Qd3 Bd7 15. Be3 Qa5 16. Bd4 Bc6 17. Rae1 Rae8 18. Qg3 Qb4 19. Ne2 Qd2 20. Bc3 Qh6 21. Nf4 Ne4 22. Rxe4 Bxe4 23. Nh5 g6 24. Ng7 Rc8 25. f6 Bd8 26. Qg4 Bc7 27. Bxf7+ Kh8 28. h3 Qe3 29. Be6 h5 30. Nxh5 Rce8 31. f7+ Kh7 32. Nf6+ 1-0

[Event "EU-ch U20 Girls"]
[Site "Patras"]
[Date "2001.07.23"]
[Round "7"]
[White "Kovalevskaya, Natalia"]
[Black "Makka, Ioulia"]
[Result "0-1"]
[WhiteElo "2152"]
[BlackElo "2123"]
[PlyCount "162"]
[EventDate "2001.07.16"]
[EventType "swiss"]
[EventRounds "11"]
[EventCountry "GRE"]
[SourceTitle "CBM 083 Extra"]
[Source "ChessBase"]
[SourceDate "2001.09.11"]
[SourceVersion "1"]
[SourceVersionDate "2001.09.11"]
[SourceQuality "1"]

1. e4 c6 2. d4 d5 3. exd5 cxd5 4. c4 Nf6 5. Nc3 e6 6. Nf3 Bb4 7. cxd5 Nxd5 8. Bd2 Nc6 9. a3 Be7 10. Bd3 0-0 11. 0-0 Bf6 12. Qc2 h6 13. Ne2 Qb6 14. Rad1 Bd7 15. b4 Rac8 16. Qb2 Nb8 17. b5 Rfd8 18. Ne5 Be8 19. a4 Qd6 20. Ng3 Nd7 21. Ne4 Qb8 22. Ng4 Be7 23. Ne5 Nxe5 24. dxe5 Nb6 25. Ba5 Nxa4 26. Qb3 Nb6 27. f4 Rd5 28. Nc3 Rd7 29. Bxb6 axb6 30. Na4 Bc5+ 31. Kh1 Rd4 32. Bc4 Rcd8 33. Nc3 Qc7 34. Ne2 Rxd1 35. Rxd1 Rxd1+ 36. Qxd1 Qd7 37. Qxd7 Bxd7 38. Nc3 Kf8 39. Ne4 Ke7 40. g3 f6 41. exf6+ gxf6 42. Kg2 Be8 43. h3 Bd4 44. Kf3 Bg6 45. g4 Be8 46. Ng3 Bd7 47. Ne4 Bb2 48. Nf2 Bc1 49. Nd3 Ba3 50. Nf2 Be8 51. Ne4 Bg6 52. Nf2 Bc5 53. Ne4 Bb4 54. Nf2 Be1 55. Ne4 Bh7 56. Bd3 f5 57. gxf5 exf5 58. Ng3 Bxg3 59. Kxg3 Kd6 60. Kh4 Bg6 61. Be2 Be8 62. Bd3 Ke6 63. Be2 Kd5 64. Bd3 Bg6 65. Be2 Ke4 66. Kg3 Be8 67. Bc4 Bd7 68. Be2 Ke3 69. Bc4 Kd4 70. Bf1 Be6 71. Kh4 Bf7 72. Bg2 Ke3 73. Kg3 Bc4 74. Bxb7 Bxb5 75. Bc8 Bd3 76. Be6 b5 77. Bd7 b4 78. Ba4 Bc4 79. Bc2 Be6 80. Bb1 b3 81. h4 h5 0-1